000 00946nam a22003017a 4500
003 CHAP
005 20220329135557.0
008 971013s1946 r 00010 d
010 _a38771
011 _a39743
035 _a43868
040 _cCHAP
082 _a330.9726
_bP45v
100 0 0 _aPeña, Moisés T. de la.
_986865
245 _aVeracruz económico
260 _aMéxico :
_b(s.e.),
_c1946
300 _a2 v.
_b: ilus.
500 _aVeracruz - Condiciones económicas
500 _aVeracruz - Condiciones sociales
590 _aBATCH-UPD
_b10
_c20130110
_lUCH01
_h0026
590 _aBATCH-UPD
_b10
_c20130409
_lUCH01
_h2007
590 _aBATCH-UPD
_b10
_c20130914
_lUCH01
_h1906
590 _aCONVERSION
_b10
_c20130109
_lUCH01
_h1322
901 _aBK
942 _cLIBRO
949 _a330.9726 P45v
_bBC
_cLIBRO
_d-150031
_eLIBRO
_fv.2
_h2537
_i43868
_si
949 _a330.9726 P45v
_bBC
_cLIBRO
_d33724000330890
_eLIBRO
_fv.1
_h2537
_i43868
_mD
_si
999 _c38771
_d38771